000
00261nam a2200109Ia 4500
005
20251222114339.0
008
251222s1900||||xx |||||||||||||| ||spa||
082
_a
DVD0170/S79/2001
245
0
_a
Antrax
264
_b
Illusions Entertainment Corporation
942
_c
DVD
999
_c
791
_d
791